Statistics for Top 15 Countries with Covid-19 Cases - 7 May 2021

Click here to take the quiz!

General Stats

  • This quiz has been taken 17 times
  • The average score is 15 of 28

Answer Stats

country% Correct
United States
100%
India
94%
Brazil
88%
France
88%
Spain
82%
United Kingdom
82%
Germany
76%
Russia
76%
Italy
71%
Mexico
71%
Argentina
65%
Belgium
65%
Netherlands
65%
Poland
65%
Colombia
59%
Sweden
59%
Turkey
59%
Portugal
53%
Iran
47%
Czechia
35%
Croatia
24%
Hungary
24%
Israel
24%
Slovenia
24%
Bahrain
12%
Estonia
12%
Lithuania
12%
Panama
6%

Score Distribution

Percentile by Number Answered

Percent of People with Each Score

Your Score History

You have not taken this quiz